banner-ar

MAKE BETTER VIDEOS WITH YOUR CAMERCARD / (Record no. 17275)

MARC details
000 -الفاتح
حقل البيانات ثابتة الطول 00465nam a2200169Ia 4500
008 - عناصر البيانات ثابتة الطول - معلومات عامة
حقل البيانات ثابتة الطول 140319s9999 xx 000 0 eng d
040 ## - مصدر الفهرسة
وكالة الفهرسة الأصلية GCL /
وكالة النسخ GCL
082 04 - رقم تصنيف ديوى العشرى
رقم التصنيف 778.5992
رقم المادة T M
100 1# - المدخل الرئيسى - إسم شخصى
الإسم الشخصى THOMAS, ERWIN KENNETH
245 10 - بيان العنوان
العنوان MAKE BETTER VIDEOS WITH YOUR CAMERCARD /
بيان المسئوليه,etc THOMAS, ERWIN KENNETH
260 ## - PUBLICATION, DISTRIBUTION, ETC. (IMPRINT)
تاريخ النشر أو التوزيع 1991
300 ## - الوصف المادى
التعداد 112
650 04 - المدخل الاضافى بالموضوع-مصطلح موضوعى
مصطلح موضوعي CAMCARDERS
650 04 - المدخل الاضافى بالموضوع-مصطلح موضوعى
مصطلح موضوعي VIDEO RECORDINGS PRODUCTION AN
942 ## - عناصر المدخل الإضافي( كوها)
مصدر التصنيف او مخطط الترفيف Dewey Decimal Classification
Koha [default] item type كتاب
260 ## - PUBLICATION, DISTRIBUTION, ETC. (IMPRINT)
-- [S.N] :
-- TAB BOOKS ،
Holdings
حالة التراجع حالة الفقد حالة تلف ليس للاعارة المكان المؤقت الموقع الحالى تاريخ الاكتساب اجمالي اﻻعارات رقم الطلب الباركود تاريخ اخر مشاهدة تاريخ تفعيل السعر نوع وعاء كوها
        مكتبة القاهرة الكبرى مكتبة القاهرة الكبرى 03/26/2014   778.5992\T M 31109 03/26/2014 03/26/2014 كتاب

Powered By

EGPV